[Event "23rd OIBM 2019"]
[Site "Gmund am Tegernsee"]
[Date "2019.11.02"]
[Round "8.38"]
[White "Nehyba, Martin"]
[Black "Faerber, David"]
[Result "0-1"]
[WhiteElo "2129"]
[BlackElo "2332"]
[Annotator "TA"]
[PlyCount "122"]
[EventDate "2019.10.17"]
[EventType "swiss"]
[EventCountry "GER"]
[SourceTitle "playchess.com"]
[Source "ChessBase"]
[SourceQuality "1"]

{[%evp 25,122,6,4,0,-10,-17,-13,-56,-37,-59,-52,-44,-42,-79,-77,-79,-81,-89,-85,-90,-92,-124,-52,-62,-35,-30,-35,-27,-18,-62,-60,-75,-79,-86,-84,-91,-91,-122,-122,-122,-122,-122,-122,-122,-122,-122,-122,-122,-122,-122,-122,-122,-108,-108,-108,-108,-108,-108,-108,-108,-108,-108,-108,-108,-108,-108,-108,-108,-108,-108,-108,-108,-108,-108,-108,-108,-108,-108,-89,-170,-170,-384,-170,-5306,-170,-5193,-170,-2896,-2132,-2505,-3498,-12834,-12831,-12841,-12841,-12842,-12841,-12842,-12843]} 1. e4 c5 2. c3 Nf6 3. e5 Nd5 4. d4 cxd4 5. Nf3 Nc6 6. cxd4 d6 7. Bc4 Nb6 8. Bb5 dxe5 9. Nxe5 Bd7 10. Nxd7 Qxd7 11. Nc3 e6 12. O-O Be7 13. Qg4 O-O 14. Rd1 {B22: Sicilian: 2 c3} Rfd8 15. Bh6 {[%csl Gh6][%cal Rg4g7]} g6 16. Bg5 {The position is equal.} Bxg5 17. Qxg5 Qe7 18. Qe3 {[#]} Nd5 $146 ({Predecessor:} 18... Nb4 19. Rac1 N4d5 20. Nxd5 Nxd5 21. Qd2 Rac8 22. Rxc8 Rxc8 {½-½ (31) De Waard,J (2435)-Echeguren,G (2559) ICCF email 2000}) 19. Nxd5 Rxd5 20. Bxc6 bxc6 21. Rdc1 Qd7 22. h3 Rb8 23. Rc2 {[#]} Rb6 (23... e5 $1 $17 24. Rac1 exd4) 24. Rd2 $15 Ra6 25. b4 $1 Rb6 26. a3 Rb8 27. Rc2 Rxd4 {Strongly threatening ...Rd1+.} 28. Rxc6 Rdxb4 $1 ({Of course not} 28... Qxc6 29. Qxd4 Qa4 30. Qc3 $11) 29. axb4 Qxc6 30. Qxa7 Rxb4 31. Qa8+ Qxa8 32. Rxa8+ $17 {[%mdl 4096] Endgame KR-KR} Kg7 33. g3 g5 34. Kg2 h5 35. Ra7 Kg6 36. Ra6 Rd4 37. Rb6 Re4 38. Kf3 f5 39. Rb8 h4 40. Rg8+ Kf6 41. Kg2 hxg3 42. Kxg3 Ra4 43. Rf8+ Kg7 44. Rb8 Ra3+ 45. Kg2 Kf6 46. Rf8+ Ke5 47. Rb8 Rd3 48. Rb4 Rd4 49. Rb3 Rd6 50. Re3+ Kf6 51. Ra3 e5 52. Ra8 {[#]} (52. f3 $17 {was necessary.}) 52... e4 $1 $19 53. Ra2 $2 (53. Rf8+ {is a better defense.} Ke5 54. Re8+ Re6 55. Rg8) 53... Ke5 (53... Rd1 $142 54. Ra8 Ke5 55. Ra5+ Rd5) 54. Rb2 $2 (54. Ra8) 54... Rd5 $2 (54... f4 55. Rb5+ Rd5) 55. Rb4 $2 (55. Rb8) 55... Rc5 $2 (55... f4 56. Rb1 Rd2) 56. Ra4 $2 (56. Rb8) 56... Rb5 {Black is clearly winning.} 57. Ra2 f4 58. f3 e3 59. h4 gxh4 60. Kh3 Rb1 61. Ra4 Rg1 {Accuracy: White = 33%, Black = 63%.} 0-1

[Event "23rd OIBM 2019"]
[Site "Gmund am Tegernsee"]
[Date "2019.11.02"]
[Round "8.39"]
[White "Guttenthaler, Franz"]
[Black "Schaefer, Michael"]
[Result "1/2-1/2"]
[WhiteElo "2328"]
[BlackElo "2160"]
[Annotator "TA"]
[PlyCount "90"]
[EventDate "2019.10.17"]
[EventType "swiss"]
[EventCountry "GER"]
[SourceTitle "playchess.com"]
[Source "ChessBase"]
[SourceQuality "1"]

{[%evp 19,90,9,16,0,0,0,0,0,10,0,0,0,0,0,7,0,8,0,0,-6,0,-10,0,-16,-18,-33,-33,-62,-43,-71,-70,-95,-90,-94,-90,-89,-77,-92,-5,-9,-22,-42,-35,-22,-22,-37,53,47,43,39,68,0,0,0,0,0,48,0,166,0,0,0,0,0,0,0,0,0,0,0,0,0,0]} 1. d4 d5 2. c4 e6 3. Nc3 Be7 4. Nf3 Nf6 5. Bg5 h6 6. Bh4 O-O 7. e3 Ne4 8. Bxe7 Qxe7 9. cxd5 Nxc3 10. bxc3 exd5 11. Qb3 {D57: Queen's Gambit Declined: Lasker Defence: Main line (9 cxd5)} Rd8 12. a4 c5 13. Qa3 Be6 {[#]} 14. a5 $146 ({Predecessor:} 14. Bd3 Kf8 15. a5 c4 16. Bc2 Qxa3 17. Rxa3 Nc6 18. Kd2 b5 19. axb6 axb6 {½-½ (54) Laznicka,V (2679)-Anand,V (2785) Dubai 2014}) 14... Nd7 15. Bd3 Rac8 16. O-O Bg4 17. Nd2 Qg5 {aiming for ...Bh3!} 18. Kh1 Bf5 19. Nf3 Qf6 20. Bb5 Nf8 21. dxc5 Ne6 $36 {[%mdl 2048] Black fights for an advantage.} 22. c6 bxc6 23. Be2 c5 {[%cal Bc6c5,Bc5c4][%mdl 32]} 24. Rad1 Rb8 25. Rd2 Be4 26. Rfd1 c4 {And now ...Rb3 would win.} 27. Rb2 Rxb2 28. Qxb2 Ng5 (28... Nc5 $17 29. Qa3 Nd3) 29. Nxg5 $11 Qxg5 {[%csl Ge4][%cal Rg5g2] [#]} 30. Bf1 Kh7 31. Kg1 Qe5 32. f3 Bxf3 (32... Rb8 $15 33. Qd2 Bg6) 33. gxf3 $14 {[#] Threatens to win with Qd2.} Qxe3+ 34. Qf2 Qxc3 35. Qd4 ({White should play} 35. Qe2 $14) 35... Qxf3 $11 36. Bg2 Qh5 37. Bxd5 f5 (37... Kh8 $5) 38. Kh1 Rd6 $2 (38... c3 $11 {and Black has nothing to worry.}) 39. Bg8+ $2 ({Better is} 39. Rd2 $18 {Black must now prevent Bg8+!} Rd8 40. Qxc4) 39... Kh8 {( -> ...Qf3+). The position is equal.} 40. Qxd6 Qf3+ 41. Kg1 {Hoping for Qd5!} Qe3+ 42. Kg2 Qe2+ 43. Kg3 Qe3+ 44. Kg2 Qe2+ 45. Kg3 Qe3+ {Accuracy: White = 37%, Black = 65%.} 1/2-1/2

[Event "23rd OIBM 2019"]
[Site "Gmund am Tegernsee"]
[Date "2019.11.02"]
[Round "8.40"]
[White "Schmidt, Gerhard"]
[Black "Ludvik, Tomas"]
[Result "0-1"]
[WhiteElo "2118"]
[BlackElo "2305"]
[Annotator "RC"]
[PlyCount "86"]
[EventDate "2019.10.17"]
[EventType "swiss"]
[EventCountry "GER"]
[SourceTitle "playchess.com"]
[Source "ChessBase"]
[SourceQuality "1"]
[TimeControl "40/5400+30:1800+30"]

1. Nf3 {[%emt 0:00:00]} d5 {[%emt 0:00:00]} 2. d4 {[%emt 0:00:00]} Nf6 {[%emt 0:00:00]} 3. c4 {[%emt 0:00:07]} c6 {[%emt 0:00:00]} 4. Nc3 {[%emt 0:00:24]} e6 {[%emt 0:00:04]} 5. Bg5 {[%emt 0:00:54]} Nbd7 {[%emt 0:00:18]} 6. e3 {[%emt 0:00:25]} Qa5 {[%emt 0:00:26]} 7. Nd2 {[%emt 0:00:47]} Bb4 {[%emt 0:00:23]} 8. Qc2 {[%emt 0:01:52]} O-O {[%emt 0:00:32]} 9. Be2 {[%emt 0:01:16]} c5 {[%emt 0:00:52]} 10. dxc5 {[%emt 0:05:00]} dxc4 {[%emt 0:10:38]} 11. Nxc4 {[%emt 0:03:28]} Qxc5 {[%emt 0:01:08]} 12. Bxf6 {[%emt 0:01:45]} Nxf6 {[%emt 0:00:31]} 13. O-O {[%emt 0:05:57]} b5 {[%emt 0:09:39]} 14. Bf3 {[%emt 0:00:50]} Rb8 {[%emt 0:00:25]} 15. Nd2 {[%emt 0:00:37]} Bb7 {[%emt 0:05:55]} 16. Bxb7 {[%emt 0:05:05]} Rxb7 {[%emt 0:01:14]} 17. Nde4 {[%emt 0:00:27]} Qc4 {[%emt 0:14:20]} 18. Nxf6+ {[%emt 0:04:36]} gxf6 {[%emt 0:00:02]} 19. Rfd1 {[%emt 0:03:03]} Bxc3 {[%emt 0:05:11]} 20. bxc3 {[%emt 0:01:05]} Rc8 {[%emt 0:04:41]} 21. g3 {[%emt 0:16:05]} b4 {[%emt 0:08:03]} 22. Rd4 {[%emt 0:02:23]} Qxc3 {[%emt 0:02:16]} 23. Qd1 {[%emt 0:01:05]} Rb5 {[%emt 0:08:46]} 24. Qf1 {[%emt 0:03:23]} Rf5 {[%emt 0:03:35]} 25. Rad1 {[%emt 0:01:08]} a5 {[%emt 0:04:38]} 26. Qh3 {[%emt 0:07:54]} Qb2 {[%emt 0:04:42]} 27. R4d2 {[%emt 0:04:40]} Qc3 {[%emt 0:03:14]} 28. e4 {[%emt 0:08:33]} Rfc5 {[%emt 0:02:25]} 29. Qh6 {[%emt 0:06:16]} Re8 {[%emt 0:00:31]} 30. Rd8 {[%emt 0:01:49]} Rc8 {[%emt 0:00:09]} 31. R8d4 {[%emt 0:00:41]} Qf3 {[%emt 0:02:20]} 32. R4d3 {[%emt 0:08:28]} Qxe4 {[%emt 0:01:36]} 33. Qxf6 {[%emt 0:00:10]} Qg6 {[%emt 0:01:28]} 34. Qf3 {[%emt 0:00:46]} Rc4 {[%emt 0:03:14]} 35. Rd7 {[%emt 0:00:42]} Rf8 {[%emt 0:02:59]} 36. R7d4 {[%emt 0:01:57]} Rfc8 {[%emt 0:00:36]} 37. Rxc4 {[%emt 0:01:28]} Rxc4 {[%emt 0:00:01]} 38. Rd8+ {[%emt 0:00:22]} Kg7 {[%emt 0:00:09]} 39. Ra8 {[%emt 0:02:45]} Rc5 {[%emt 0:01:30]} 40. Qe3 {[%emt 0:00:35]} Rd5 {[%emt 0:00:39]} 41. Qf4 {[%emt 0:04:14]} Qh5 {[%emt 0:05:09]} 42. Kg2 {[%emt 0:03:06]} Qf5 {[%emt 0:03:41]} 43. Qh4 {[%emt 0:03:25]} Rd2 {[%emt 0:02:06]} 0-1

[Event "23rd OIBM 2019"]
[Site "Gmund am Tegernsee"]
[Date "2019.11.02"]
[Round "8.41"]
[White "Zajogin, Alexander"]
[Black "De Ruijter, Luuk"]
[Result "1/2-1/2"]
[WhiteElo "2426"]
[BlackElo "2214"]
[Annotator "TA"]
[PlyCount "34"]
[EventDate "2019.10.17"]
[EventType "swiss"]
[EventCountry "GER"]
[SourceTitle "playchess.com"]
[Source "ChessBase"]
[SourceQuality "1"]

{[%evp 14,34,28,32,20,37,59,30,57,39,53,37,37,27,44,43,47,0,16,0,11,0,35]} 1. c4 e6 2. d4 Nf6 3. Nc3 Bb4 4. e3 O-O 5. Nge2 b6 6. a3 Bxc3+ 7. Nxc3 d5 8. cxd5 exd5 {E44: Nimzo-Indian: Rubinstein: 4...b6 5 Ne2} 9. b4 c5 10. bxc5 bxc5 {White has an edge.} 11. dxc5 Qa5 (11... Na6 12. Be2 Nxc5 13. O-O Be6 14. Rb1 Rc8 15. Nb5 Nfe4 16. Bb2 a6 17. Nd4 Qa5 18. Nxe6 fxe6 {½-½ (71) Ivanisevic,I (2648)-Fauland,A (2478) Sarajevo 2011}) 12. Bb2 $146 ({Predecessor:} 12. Bd2 Qxc5 13. Rc1 Nc6 14. Be2 Rd8 15. O-O Qe7 16. Nb5 {½-½ (25) Eszik,L-Liljedahl,L Sweden 1978}) 12... Nc6 {[%cal Bb8c6,Bc6a5,Ba5b3][%mdl 32] [#] And now ...d4 would win.} 13. Qa4 Rb8 14. Qxa5 Nxa5 15. Nd1 Re8 {The position is equal.} 16. a4 Nb3 17. Ra3 {[#] Bb5 is the strong threat.} Bd7 1/2-1/2

[Event "23rd OIBM 2019"]
[Site "Gmund am Tegernsee"]
[Date "2019.11.02"]
[Round "8.42"]
[White "Schuster, Karsten"]
[Black "Minko, Dmitry"]
[Result "1-0"]
[WhiteElo "2304"]
[BlackElo "2143"]
[Annotator "RC"]
[PlyCount "81"]
[EventDate "2019.10.17"]
[EventType "swiss"]
[EventCountry "GER"]
[SourceTitle "playchess.com"]
[Source "ChessBase"]
[SourceQuality "1"]
[TimeControl "40/5400+30:1800+30"]

1. d4 {[%emt 0:00:00]} d5 {[%emt 0:00:00]} 2. c4 {[%emt 0:00:00]} e6 {[%emt 0:00:00]} 3. Nc3 {[%emt 0:00:00]} Be7 {[%emt 0:00:00]} 4. cxd5 {[%emt 0:00:07]} exd5 {[%emt 0:00:06]} 5. Bf4 {[%emt 0:00:19]} c6 {[%emt 0:01:22]} 6. e3 {[%emt 0:00:14]} Bd6 {[%emt 0:01:28]} 7. Bxd6 {[%emt 0:03:20]} Qxd6 {[%emt 0:00:08]} 8. Bd3 {[%emt 0:00:06]} Ne7 {[%emt 0:00:52]} 9. Qc2 {[%emt 0:02:12]} g6 {[%emt 0:02:50]} 10. Nf3 {[%emt 0:02:50]} Bf5 {[%emt 0:06:22]} 11. O-O {[%emt 0:03:29]} Bxd3 {[%emt 0:04:00]} 12. Qxd3 {[%emt 0:00:04]} Nd7 {[%emt 0:04:52]} 13. b4 {[%emt 0:05:58]} a6 {[%emt 0:01:31]} 14. a4 {[%emt 0:02:23]} O-O {[%emt 0:00:46]} 15. a5 {[%emt 0:05:37]} Rae8 {[%emt 0:06:04]} 16. Na4 {[%emt 0:03:58]} Qxb4 {[%emt 0:10:05]} 17. Rfb1 {[%emt 0:01:31]} Qxa5 {[%emt 0:00:37]} 18. Nb6 {[%emt 0:00:42]} Qxb6 {[%emt 0:00:05]} 19. Rxb6 {[%emt 0:00:04]} Nxb6 {[%emt 0:00:06]} 20. Rb1 {[%emt 0:01:33]} Nec8 {[%emt 0:00:23]} 21. Qc3 {[%emt 0:02:29]} Nc4 {[%emt 0:23:48]} 22. Rxb7 {[%emt 0:01:52]} N8d6 {[%emt 0:01:38]} 23. Rb1 {[%emt 0:06:49]} Rb8 {[%emt 0:00:42]} 24. Rf1 {[%emt 0:05:01]} Ne4 {[%emt 0:04:50]} 25. Qa1 {[%emt 0:02:37]} Rb6 {[%emt 0:01:02]} 26. Rb1 {[%emt 0:10:04]} Rfb8 {[%emt 0:00:21]} 27. Rxb6 {[%emt 0:00:04]} Rxb6 {[%emt 0:00:04]} 28. g4 {[%emt 0:01:26]} a5 {[%emt 0:06:36]} 29. Ne5 {[%emt 0:06:28]} Ned2 {[%emt 0:05:17]} 30. Nxc4 {[%emt 0:02:25]} Nxc4 {[%emt 0:02:58]} 31. Qa4 {[%emt 0:01:13]} Rb5 {[%emt 0:03:23]} 32. e4 {[%emt 0:03:44]} Rb6 {[%emt 0:06:32]} 33. Kg2 {[%emt 0:07:13]} Ra6 {[%emt 0:00:12]} 34. h4 {[%emt 0:04:46]} Nd6 {[%emt 0:00:55]} 35. e5 {[%emt 0:02:05]} Nb5 {[%emt 0:02:21]} 36. f4 {[%emt 0:01:08]} Nc3 {[%emt 0:01:21]} 37. Qa3 {[%emt 0:02:48]} Nb5 {[%emt 0:00:05]} 38. Qe7 {[%emt 0:01:38]} Nxd4 {[%emt 0:00:50]} 39. Qb7 {[%emt 0:00:28]} c5 {[%emt 0:02:29]} 40. Qxa6 {[%emt 0:00:05]} c4 {[%emt 0:00:09]} 41. Qa8+ {[%emt 0:30:25]} 1-0

[Event "23rd OIBM 2019"]
[Site "Gmund am Tegernsee"]
[Date "2019.11.02"]
[Round "8.43"]
[White "Proschmann, Tino"]
[Black "Seifert, Volker"]
[Result "0-1"]
[WhiteElo "2106"]
[BlackElo "2300"]
[Annotator "RC"]
[PlyCount "88"]
[EventDate "2019.10.17"]
[EventType "swiss"]
[EventCountry "GER"]
[SourceTitle "playchess.com"]
[Source "ChessBase"]
[SourceQuality "1"]
[TimeControl "40/5400+30:1800+30"]

1. e4 {[%emt 0:00:00]} e6 {[%emt 0:00:00]} 2. d4 {[%emt 0:00:00]} d5 {[%emt 0:00:00]} 3. Nd2 {[%emt 0:00:00]} Nf6 {[%emt 0:00:11]} 4. e5 {[%emt 0:00:00]} Nfd7 {[%emt 0:00:05]} 5. Bd3 {[%emt 0:00:03]} c5 {[%emt 0:00:13]} 6. c3 {[%emt 0:00:06]} Nc6 {[%emt 0:00:17]} 7. Ne2 {[%emt 0:00:09]} Be7 {[%emt 0:00:33]} 8. O-O {[%emt 0:03:02]} cxd4 {[%emt 0:01:12]} 9. cxd4 {[%emt 0:00:20]} a5 {[%emt 0:00:42]} 10. f4 {[%emt 0:15:20]} Nb6 {[%emt 0:01:09]} 11. Nf3 {[%emt 0:08:30]} h5 {[%emt 0:08:00]} 12. Nc3 {[%emt 0:18:18]} Bd7 {[%emt 0:08:43]} 13. Be3 {[%emt 0:11:43]} a4 {[%emt 0:05:14]} 14. a3 {[%emt 0:04:22]} g6 {[%emt 0:14:09]} 15. Rc1 {[%emt 0:03:38]} Na5 {[%emt 0:01:44]} 16. Nd2 {[%emt 0:04:40]} Rc8 {[%emt 0:09:36]} 17. g4 {[%emt 0:12:17]} hxg4 {[%emt 0:04:09]} 18. Qxg4 {[%emt 0:00:22]} Nac4 {[%emt 0:00:25]} 19. Nxc4 {[%emt 0:08:12]} Nxc4 {[%emt 0:03:03]} 20. Qe2 {[%emt 0:00:59]} Rh3 {[%emt 0:11:13]} 21. Nd1 {[%emt 0:05:38]} Nxe3 {[%emt 0:02:43]} 22. Nxe3 {[%emt 0:00:10]} Rxc1 {[%emt 0:00:34]} 23. Rxc1 {[%emt 0:00:01]} Qb6 {[%emt 0:00:25]} 24. Kg2 {[%emt 0:02:09]} Rh4 {[%emt 0:01:25]} 25. Kh1 {[%emt 0:01:11]} Rxf4 {[%emt 0:10:23]} 26. Ng2 {[%emt 0:00:06]} Rxd4 {[%emt 0:01:36]} 27. Rf1 {[%emt 0:01:11]} Qb3 {[%emt 0:03:13]} 28. Bc2 {[%emt 0:00:33]} Bb5 {[%emt 0:07:29]} 29. Qf2 {[%emt 0:00:19]} Qxb2 {[%emt 0:03:55]} 30. Qxf7+ {[%emt 0:00:31]} Kd8 {[%emt 0:00:14]} 31. Bxg6 {[%emt 0:00:40]} Rg4 {[%emt 0:00:21]} 32. Rg1 {[%emt 0:00:45]} Qxe5 {[%emt 0:01:00]} 33. Re1 {[%emt 0:00:22]} Qf6 {[%emt 0:00:28]} 34. Qg8+ {[%emt 0:00:41]} Kc7 {[%emt 0:00:47]} 35. Qxe6 {[%emt 0:00:40]} Qxe6 {[%emt 0:00:51]} 36. Rxe6 {[%emt 0:00:03]} Bxa3 {[%emt 0:00:15]} 37. h4 {[%emt 0:00:29]} Bb2 {[%emt 0:00:33]} 38. Bf5 {[%emt 0:00:54]} Rg8 {[%emt 0:00:57]} 39. Bb1 {[%emt 0:00:33]} Bc6 {[%emt 0:00:43]} 40. Kh2 {[%emt 0:00:19]} a3 {[%emt 0:00:42]} 41. Ne3 {[%emt 0:01:28]} d4 {[%emt 0:01:18]} 42. Nf5 {[%emt 0:10:29]} d3 {[%emt 0:08:06]} 43. Re7+ {[%emt 0:03:36]} Kb8 {[%emt 0:02:16]} 44. Ne3 {[%emt 0:03:25]} d2 {[%emt 0:00:49]} 0-1

[Event "23rd OIBM 2019"]
[Site "Gmund am Tegernsee"]
[Date "2019.11.02"]
[Round "8.44"]
[White "Wacker, Peter"]
[Black "Kaiser, Elmar"]
[Result "1-0"]
[WhiteElo "2295"]
[BlackElo "2131"]
[Annotator "TA"]
[PlyCount "23"]
[EventDate "2019.10.17"]
[EventType "swiss"]
[EventCountry "GER"]
[SourceTitle "playchess.com"]
[Source "ChessBase"]
[SourceQuality "1"]

{[%evp 9,23,19,62,60,64,66,227,218,453,154,156,145,236,233,233,214]} 1. e4 e5 2. Nf3 Nf6 3. d4 Nxe4 4. Bd3 d5 5. Nxe5 Bf5 (5... Nd7 6. Nc3 Nxe5 7. dxe5 Nxc3 8. bxc3 Be7 9. O-O O-O 10. f4 f5 11. Be3 Be6 12. a4 Qd7 13. Qf3 Rfd8 14. Rfd1 c5 15. Kh1 g6 16. h3 Qc7 17. Qf2 {1-0 (60) Vitiugov,N (2732)-So,W (2767) Khanty-Mansiysk 2019}) 6. O-O {C43: Petroff Defence: 3 d4} Be7 7. Qf3 Qc8 $2 {[#]} (7... Be6 $1 $14) 8. Nc3 $18 Nc6 $146 (8... c6 9. Re1 (9. Bxe4 dxe4 10. Nxe4 O-O $16) 9... O-O) ({Predecessor:} 8... Nxc3 9. Bxf5 Ne2+ 10. Kh1 Nxd4 11. Bxc8 Nxf3 12. Nxf3 Nd7 13. Bxb7 Rb8 14. Bc6 Kd8 15. Bxd5 Bf6 16. Bg5 Bxg5 17. Nxg5 Rb5 18. Nxf7+ Ke7 19. Rfe1+ Kf6 20. Nxh8 Rxd5 21. Rad1 {1-0 (21) Kveinys,A (2511)-Carola,P (2059) Saint Vincent 2004}) 9. Nxc6 $2 ({Less strong is} 9. Nxe4 dxe4 10. Bxe4 Nxd4 $14) (9. Nxd5 $18 {is the precise move to win.} Nd6 10. Re1) 9... bxc6 $16 {White is clearly better.} 10. Nxe4 Bg4 (10... Bxe4 $16 11. Bxe4 dxe4 12. Qxe4 Qe6 13. Qxe6 fxe6) 11. Qg3 dxe4 12. Bxe4 1-0

[Event "23rd OIBM 2019"]
[Site "Gmund am Tegernsee"]
[Date "2019.11.03"]
[Round "9.1"]
[White "Bernadskiy, Vitaliy"]
[Black "Eljanov, Pavel"]
[Result "1/2-1/2"]
[WhiteElo "2554"]
[BlackElo "2663"]
[Annotator "TA"]
[PlyCount "36"]
[EventDate "2019.10.17"]
[EventType "swiss"]
[EventCountry "GER"]
[SourceTitle "playchess.com"]
[Source "ChessBase"]
[SourceQuality "1"]

{[%evp 19,20,18,30]} 1. e4 c6 2. c4 d5 3. exd5 cxd5 4. cxd5 Nf6 5. Nc3 Nxd5 6. Nf3 Nc6 7. Bb5 e6 8. O-O Be7 9. d4 O-O 10. Re1 Nf6 {Predecessor:} 11. Bg5 $146 h6 12. Bh4 Bd7 13. Qe2 Nb4 14. Bc4 Bc6 15. Rad1 Nbd5 16. Ne5 Nf4 17. Qc2 Bxg2 18. Bg3 N6h5 {½-½ (82) Boruchovsky,A (2530)-Postny,E (2620) Tiberias 2016} 1/2-1/2

[Event "23rd OIBM 2019"]
[Site "Gmund am Tegernsee"]
[Date "2019.11.03"]
[Round "9.2"]
[White "Azarov, Sergei"]
[Black "Idani, Pouya"]
[Result "1/2-1/2"]
[WhiteElo "2586"]
[BlackElo "2568"]
[Annotator "TA"]
[PlyCount "46"]
[EventDate "2019.10.17"]
[EventType "swiss"]
[EventCountry "GER"]
[SourceTitle "playchess.com"]
[Source "ChessBase"]
[SourceQuality "1"]

{[%evp 17,46,-5,-2,-27,-39,-45,-16,-27,-17,-14,-25,-20,-16,-12,41,52,57,50,45,52,89,24,29,27,30,0,0,0,35,0,0]} 1. e4 c5 2. Nf3 d6 3. d4 cxd4 4. Nxd4 Nf6 5. Nc3 a6 6. Bg5 e6 7. Qf3 h6 8. Bh4 Nbd7 9. O-O-O Qc7 10. Bd3 {B95: Sicilian Najdorf: 6 Bg5 e6, unusual White 7th moves} (10. Be2 b5 11. e5 Bb7 12. Nxe6 fxe6 13. Qh5+ Kd8 14. exf6 Nxf6 15. Qg6 Kd7 16. Rhe1 b4 17. Bxf6 gxf6 18. Ne4 Be7 19. Bg4 f5 20. Nxd6 Bxd6 21. Qxe6+ Kc6 22. Bf3+ Kb5 23. Rxd6 Rhe8 24. Re5+ {1-0 (24) Kryakvin,D (2539)-Panarin,M (2528) Belorechensk 2007}) 10... Be7 11. g4 $146 ({Predecessor:} 11. Kb1 O-O 12. g4 Ne5 13. Qh3 Ng6 14. Bg3 b5 15. Rhg1 Rd8 16. f4 e5 17. Nf5 exf4 {½-½ (27) Gromotka,H (2345)-Novikov,S (2356) ICCF email 2017}) 11... Ne5 12. Qh3 Nfxg4 13. f4 Bxh4 $1 14. Qxh4 g5 $1 15. fxg5 Rg8 (15... Qe7 $11) 16. gxh6 $14 Qe7 $1 {[%cal Re7h4]} 17. h7 Rh8 18. Qg3 Qg5+ {[#]} 19. Kb1 (19. Rd2 $1 $16) 19... Qe3 $1 $11 20. Qh4 {Strongly threatening h3.} Qh6 $1 {[%cal Rh6h4]} 21. Qg3 {Threatens to win with Be2.} Qe3 $1 {[%cal Re3g3] Threatening ...Qxg3.} 22. Qh4 {Hoping for h3.} Qh6 $1 {[%cal Rh6h4]} 23. Qg3 {[#] aiming for Be2.} Qe3 $1 {Accuracy: White = 38%, Black = 74%.} 1/2-1/2

[Event "23rd OIBM 2019"]
[Site "Gmund am Tegernsee"]
[Date "2019.11.03"]
[Round "9.3"]
[White "Peralta, Fernando"]
[Black "Nasuta, Grzegorz"]
[Result "1/2-1/2"]
[WhiteElo "2569"]
[BlackElo "2534"]
[Annotator "TA"]
[PlyCount "43"]
[EventDate "2019.10.17"]
[EventType "swiss"]
[EventCountry "GER"]
[SourceTitle "playchess.com"]
[Source "ChessBase"]
[SourceQuality "1"]

{[%evp 19,29,13,45,0,0,0,0,0,0,0,0,-7]} 1. d4 Nf6 2. c4 g6 3. Nc3 d5 4. cxd5 Nxd5 5. e4 Nxc3 6. bxc3 Bg7 7. Bc4 c5 8. Ne2 Nc6 9. Be3 O-O 10. O-O b6 11. Qd2 {D87: Exchange Grünfeld: Classical Line: Variations without ...cxd4} Bb7 {The position is equal.} 12. Rad1 Rc8 13. Bh6 cxd4 14. cxd4 Na5 15. Bd3 {[#]} {Predecessor:} Nc4 $146 16. Bxc4 Rxc4 17. Bxg7 Kxg7 18. Ng3 e6 19. d5 exd5 20. exd5 Re8 21. Rfe1 Rxe1+ 22. Qxe1 {½-½ (38) Navara,D (2734)-Ding,L (2805) Prague 2019} 1/2-1/2

[Event "23rd OIBM 2019"]
[Site "Gmund am Tegernsee"]
[Date "2019.11.03"]
[Round "9.4"]
[White "Kamsky, Gata"]
[Black "Del Rio De Angelis, Salvador G."]
[Result "1-0"]
[WhiteElo "2685"]
[BlackElo "2491"]
[Annotator "TA"]
[PlyCount "63"]
[EventDate "2019.10.17"]
[EventType "swiss"]
[EventCountry "GER"]
[SourceTitle "playchess.com"]
[Source "ChessBase"]
[SourceQuality "1"]

{[%evp 15,63,13,13,20,13,13,13,13,13,13,13,13,13,7,7,7,7,7,7,7,14,15,30,30,42,39,75,91,75,83,147,135,135,138,117,120,190,170,179,177,159,162,165,168,172,165,171,169,264,248]} 1. e4 e6 2. d4 d5 3. Nc3 Bb4 4. e5 c5 5. a3 Bxc3+ 6. bxc3 Qa5 7. Bd2 Qa4 8. Qb1 c4 9. Ne2 {C18: French: 3 Nc3 Bb4: Main line: 7 h4 and 7 Qg4} (9. h4 Nc6 10. Ne2 Bd7 11. Nf4 Nge7 12. h5 h6 13. g3 O-O-O 14. Bh3 a6 15. Qb2 Kb8 16. O-O Ka7 17. Kh2 {1-0 (53) Kobalia,M (2608)-Savchenko,B (2581) Moscow 2019}) 9... Nc6 10. Ng3 Bd7 11. Be2 {The position is equal.} ({Reject} 11. Qxb7 Rb8 $17) 11... O-O-O 12. O-O Nge7 13. Qb2 b6 $146 ({Predecessor:} 13... Kc7 14. Rfb1 Rb8 15. Qc1 Nc8 16. Bf4 Nb6 17. Nf5 g5 18. Rb4 Qa5 19. Nd6 gxf4 20. Rb5 Qxc3 21. Rxb6 Nxd4 {0-1 (21) Yogit,S (1954)-Chakravarthi,R (2217) Pune 2014}) 14. Rae1 Rdf8 15. Nh5 Rhg8 16. Bg4 Kb7 17. Re3 Nd8 18. Rg3 f5 19. exf6 gxf6 20. Qb4 Qxb4 21. cxb4 Ba4 22. c3 Bc2 {[#]} (22... e5 $142) 23. Re1 $1 $16 f5 24. Bf3 Rxg3 25. hxg3 Rg8 (25... Kc6 $16 26. Bg5 Rf7) 26. Nf6 Rg7 27. Bh5 {aiming for Bh6.} Ng6 28. Bh6 Rf7 29. Bg5 Kc8 30. f3 Rb7 31. Kf2 Nf8 (31... Rg7 {is a better defense.} 32. Bd2 Bd3) 32. Nxd5 {Accuracy: White = 92%, Black = 47%.} 1-0